Statistiques concernant JO 2020: Toutes les médailles par disciplines

Cliquez ici pour prendre le quiz!

Statistiques générales

  • Ce quiz a été pris 189 fois
  • Le résultat moyen est 71 sur 93

Statistiques - réponses

Réponse% Correct
France
99%
Chine
98%
Russie
98%
Canada
97%
Espagne
97%
Etats-Unis
97%
Grande-Bretagne
97%
Italie
97%
Japon
97%
Suède
97%
Norvège
96%
Allemagne
95%
Brésil
95%
Jamaïque
95%
Nouvelle-Zélande
95%
Australie
94%
Pays-Bas
94%
Suisse
93%
Portugal
92%
Maroc
91%
Argentine
90%
Belgique
90%
Pologne
90%
Corée du Sud
89%
Danemark
89%
Egypte
89%
Finlande
89%
Mexique
89%
Afrique du Sud
88%
Slovénie
88%
Hongrie
87%
Inde
87%
Kenya
87%
Ukraine
87%
Slovaquie
86%
République Tchèque
85%
Autriche
84%
Grèce
83%
Irlande
83%
Serbie
83%
Colombie
82%
Cuba
82%
Qatar
82%
Tunisie
82%
Turquie
81%
Estonie
80%
Ethiopie
80%
Indonésie
80%
Lituanie
80%
Roumanie
80%
Iran
79%
Kazakhstan
79%
Lettonie
79%
Croatie
78%
Biélorussie
76%
Bulgarie
76%
Venezuela
75%
Israël
73%
Fidji
72%
Ouzbékistan
72%
Equateur
71%
Géorgie
70%
Kosovo
70%
Thaïlande
70%
Arabie Saoudite
69%
Mongolie
67%
Taipei Chinois
66%
Nigeria
65%
Azerbaïdjan
64%
Côte d'Ivoire
64%
Turkménistan
64%
Macédoine du Nord
63%
Ouganda
63%
Syrie
63%
Malaisie
62%
Arménie
60%
Bahamas
60%
Kirghizistan
59%
Moldavie
59%
République Dominicaine
56%
Bahreïn
55%
Ghana
55%
Philippines
55%
Namibie
54%
Jordanie
52%
Koweït
52%
Saint-Marin
47%
Grenade
46%
Burkina Faso
45%
Botswana
44%
Hong Kong
36%
Porto Rico
30%
Bermudes
29%

Distribution des résultats

Percentile par nombre de réponses

% des personnes avec chaque résultat

Votre développement - résultats

Vous n’avez pas pris ce quiz